000 00618nam a2200193 i 4500
001 bg
100 1 _aMACIĄG-STERNIK, Henryka
245 0 _aPrzewodnik metodyczny z przykładami rozwiązań projektowych do technologii organizacji i ekonomiki robót instalacji sanitarnych /
_cH. Maciąg-Sternik.
250 _aWyd.2 popr. i uzup.
260 _aGliwice,
_c1986.
490 1 _aSkrypty Centralne ;
_vnr 1152
650 9 _aInstalacje sanitarne
655 _aPodręczniki akademickie
830 _aSkrypty Centralne ;
040 _cBPK
041 _apol
942 _cKS
008 s pl f |000 0 pol
999 _c2775
_d2775
856 _uhttp://koha.tu.koszalin.pl/cgi-bin/koha/opac-detail.pl?biblionumber=2775
_yKatalog online BPK